• 首页
  • 本馆介绍
  • 公告通知
  • 最新文献
  • 馆藏检索
  • 电子资源
  • 读者导购
  • 参考咨询
  • 我的图书馆
  • 登录
  • 详细信息显示
  • 放入我的书架
  • 预约/预借图书
  • 作者相关作品
  • 分类相关作品
  • 丛书相关作品
  • 出版社相关作品

书目信息

  • 表格格式
  • 工作单格式
  • 卡片格式
题名:
餐饮空间设计
    
 
作者: 杨婉 主编
分册:  
出版信息: 武汉   华中科技大学出版社  2016.03
页数: 118页
开本: 26cm
丛书名:
单 册:
中图分类: TU247.3
科图分类:
主题词: 民用建筑--建筑设计
电子资源:
ISBN: 978-7-5680-1528-8
000 00556nam0 2200193 450
001 761
005 20160908144211.43
010    @a978-7-5680-1528-8@dCNY43.00
092    @b餐饮k
100    @a20160723d2016 km y0chiy0120 ea
101 0  @achi
200 1  @a餐饮空间设计@Acan yin kong jian she ji@f杨婉主编@Fyang wan zhu bian
210    @a武汉@c华中科技大学出版社@d2016.03
215    @a118页@d26cm
606 0  @a民用建筑@x建筑设计
690    @aTU247.3@v4
701  0 @a杨婉@Ayang wan@4主编
801  0 @aCN@b唐山师范学院图书馆@c20160723
905    @aZUCC@dTU247.3@e780
    
    餐饮空间设计/杨婉主编.-武汉:华中科技大学出版社,2016.03
    118页;26cm
    
    
    ISBN 978-7-5680-1528-8:CNY43.00
    
●
相关链接 在E读中查询图书 在五车中查询图书 在当当中查询图书 在豆瓣中查询图书


正题名:餐饮空间设计     索取号:TU247.3/780         预约/预借

序号 登录号 条形码 馆藏地/架位号 状态 备注
1 903369   209033696   第二样本阅览室/ [索取号:TU247.3/780] 在馆    
2 903370   209033703   第三借阅区/ [索取号:TU247.3/780] 在馆    
3 903371   209033712   第三借阅区/ [索取号:TU247.3/780] 在馆    
4 903372   209033721   第三借阅区/ [索取号:TU247.3/780] 在馆    
5 903373   209033730   第三借阅区/ [索取号:TU247.3/780] 在馆    
唐山师范学院图书馆 欢迎您!
大连网信软件有限公司© 版权所有